000 00412nam a2200121Ia 4500
008 220512s9999 xx 000 0 eng d
100 _aDev, Mahendra S
245 0 _aAgriculture-Nutrition Linkages and Policies in India /
_cDev, Mahendra S
260 _aMumbai :
_bIndra Gandhi Institute of Development Research,
_cFeb-12
500 _aMumbai Working Paper No WP-2012-006
546 _aEnglish
942 _cPR
999 _c36763
_d36763